000 00503nam a2200157 a 4500
001 000047250
005 20201002053502.0
008 180425s2017 dr a 000 spa d
020 _a9789945195620
040 _aDO-SdBNP
_bspa
_cBNPHU
100 1 _aPolanco, Bienvenida
_974964
245 0 _aCuentos de miedo para niños buenos :. :
_btradición oral dominicana /
_cBienvenida Polanco.
260 _aSanto Domingo :
_bLoqueleo,
_c2017.
300 _a98 p. :
_bil. ;
_c21 cm.
590 _aInventariado,2018/DG
999 _c46738
_d46738